000
00209 a2200097 4500
001
52379
100
_a
Brigham E F
245
_a
Financial Management
260
_a
New York
_b
Dryden
_c
090
_c
32955
_d
32955
942
_a
NUST-CAE
_c
M
_c
25508
999
_c
287452
_d
287452